000 00742nam a22002537a 4500
999 _c200429234
_d47158
003 TR-AnTOB
005 20190807162154.0
008 180326b xxu||||| |||| 00| 0 tur d
020 _a9789756992722
040 _aTR-AnTOB
_beng
_cTR-AnTOB
_erda
041 _atur
050 4 _aHT321
_b.D45 2017
090 4 _aHT321
_b.D45 2017
245 _aDenizli kent ekonomisi /
_ceditör ; Nihal Yayla, Özcan Uzun, Atalay Çağlar.
264 _aDenizli;
_bPamukkale Üniversitesi,
_c2017
300 _a360 page;
_c13 cm
336 _2rdacontent
_atext
337 _2rdamedia
_aunmediated
338 _2rdacarrier
_avolume
650 0 _aUrban economics
_93646
650 0 _aKent ekonomisi
_911882
942 _2lcc
_cBK